[Event "88th Hastings Masters"]
[Site "Hastings ENG"]
[Date "2012.12.28"]
[Round "1.2"]
[White "Prosviriakov, Vladimir"]
[Black "Sumets, Andrey"]
[Result "0-1"]
[WhiteTitle "IM"]
[BlackTitle "GM"]
[WhiteElo "2293"]
[BlackElo "2638"]
[WhiteFideId "2004860"]
[BlackFideId "14105500"]
[EventDate "2012.12.28"]

1. Nf3 Nf6 2. d4 d5 3. c4 e6 4. e3 a6 5. Nbd2 c5 6. cxd5 exd5 7. b3 cxd4 8. Nxd4
Bb4 9. Bd3 Bg4 10. f3 Bd7 11. Bb2 O-O 12. a3 Bc5 13. O-O Nc6 14. b4 Bb6 15. N2b3
Re8 16. Qd2 Ne5 17. Rac1 Nxd3 18. Qxd3 Bb5 19. Qf5 Bxf1 20. Rxf1 Rxe3 21. Nc5
Bxc5 22. bxc5 Qe7 23. Qf4 Re1 24. g4 Re8 25. Kg2 Rxf1 26. Kxf1 Qxc5 27. Qg5 h6
28. Qd2 Qc4+ 29. Kf2 Qc7 30. Kg2 Qe5 31. Kh3 Qe3 32. Qg2 Ne4 33. Nf5 Ng5+ 34.
Kg3 Qe1+ 35. Qf2 Qxf2+ 36. Kxf2 Ne6 37. h4 d4 38. Nd6 Ra8 0-1

[Event "88th Hastings Masters"]
[Site "Hastings ENG"]
[Date "2012.12.28"]
[Round "1.3"]
[White "Kulaots, Kaido"]
[Black "Rudd, Jack"]
[Result "1-0"]
[WhiteTitle "GM"]
[BlackTitle "IM"]
[WhiteElo "2581"]
[BlackElo "2288"]
[WhiteFideId "4500261"]
[BlackFideId "405736"]
[EventDate "2012.12.28"]

1. Nf3 Nf6 2. c4 e6 3. Nc3 d5 4. d4 c6 5. Qd3 Nbd7 6. g3 Bd6 7. Bg2 O-O 8. O-O
Re8 9. Rd1 Qe7 10. Bf4 Bxf4 11. gxf4 b6 12. Ne5 Bb7 13. e3 Rec8 14. Rac1 Ba6 15.
b3 Ne8 16. Qc2 Nd6 17. Qb2 Nf5 18. Ne2 Nxe5 19. fxe5 Nh4 20. Bh1 f6 21. Ng3 fxe5
22. dxe5 Rf8 23. Qe2 Ng6 24. Qh5 Rf7 25. cxd5 cxd5 26. f4 Raf8 27. Bg2 Nh4 28.
Bh3 Bb7 29. Ne2 g5 30. Nd4 Kh8 31. Bxe6 Rg7 32. f5 Nxf5 33. Bxf5 Qxe5 34. Qh3 g4
35. Qg3 Rxf5 36. Nxf5 Qxf5 37. Rf1 1-0

[Event "88th Hastings Masters"]
[Site "Hastings ENG"]
[Date "2012.12.29"]
[Round "2.2"]
[White "Sumets, Andrey"]
[Black "Kjartansson, Gudmundur"]
[Result "0-1"]
[WhiteTitle "GM"]
[BlackTitle "IM"]
[WhiteElo "2638"]
[BlackElo "2404"]
[WhiteFideId "14105500"]
[BlackFideId "2301318"]
[EventDate "2012.12.28"]

1. d4 Nf6 2. c4 c5 3. d5 e5 4. Nc3 d6 5. e4 Nbd7 6. Nge2 h5 7. h3 h4 8. Be3 a6
9. Nc1 Be7 10. Be2 Nh7 11. O-O Bg5 12. Qd2 Bxe3 13. Qxe3 Qg5 14. Qxg5 Nxg5 15.
Rb1 Nf6 16. f3 a5 17. Nd3 Nh5 18. Rfe1 f6 19. Bd1 Bd7 20. Ba4 Bxa4 21. Nxa4 Ra6
22. Re3 b6 23. Rc1 Kd7 24. Rc3 g6 25. Ra3 f5 26. Nc3 Raa8 27. Rb3 Rab8 28. Nf2
Rhf8 29. Rb5 Ng3 30. a3 fxe4 31. Ncxe4 Nf5 32. Re1 Nxe4 33. Rxe4 Kc7 34. Rb3 Nd4
35. Rbe3 Nf5 36. Rc3 b5 37. cxb5 Rxb5 38. Nd3 Ng3 39. Re1 Kd7 40. Rc4 Rb3 41.
Nc1 Rxb2 42. Rxh4 Nh5 43. Ne2 Rd2 44. Rg4 Nf6 45. Rxg6 Nxd5 46. Rg7+ Ke6 47. Ng3
Nf4 48. Ne4 Rd3 49. Rb1 c4 50. Rb6 Rc8 51. Rh7 c3 52. Rh6+ Kd7 53. Rh7+ Ke6 54.
Rh6+ Kd5 55. Rhxd6+ Kc4 56. Rdc6+ Rxc6 57. Rxc6+ Kb3 58. Nc5+ Kc2 59. Nxd3 Kxd3
60. g3 Nd5 61. h4 c2 62. Rxc2 Kxc2 63. h5 a4 64. h6 Nf6 65. g4 Nh7 66. Kf2 Kb3
67. f4 exf4 68. Kf3 Kxa3 69. Kxf4 Kb4 70. g5 Nf8 71. Kf5 a3 72. h7 Nxh7 73. g6
a2 74. g7 Nf6 0-1

[Event "88th Hastings Masters"]
[Site "Hastings ENG"]
[Date "2012.12.29"]
[Round "2.21"]
[White "Haydon, David L"]
[Black "Gregory, Stephen J"]
[Result "1/2-1/2"]
[WhiteTitle "FM"]
[WhiteElo "2315"]
[BlackElo "2086"]
[WhiteFideId "415405"]
[BlackFideId "410837"]
[EventDate "2012.12.28"]

1. e4 d5 2. exd5 Qxd5 3. Nc3 Qa5 4. d4 Nf6 5. Bc4 c6 6. Ne2 b5 7. Bb3 b4 8. Na4
e6 9. O-O Be7 10. Bd2 Qd8 11. Nc5 a5 12. a3 Bxc5 13. dxc5 Ra7 14. Bf4 Rd7 15.
Bd6 Ba6 16. Re1 Ne4 17. Qd4 Nxd6 18. Qxg7 Rf8 19. cxd6 Bxe2 20. Rxe2 Rxd6 21.
axb4 Rd1+ 22. Re1 Rxa1 23. Rxa1 axb4 24. g3 h5 25. h4 Nd7 26. Qd4 c5 27. Qd6 Qb8
28. Qc6 Qb6 29. Qf3 Ke7 30. Qxh5 Rg8 31. Bc4 Qc7 32. Re1 Rxg3+ 33. fxg3 Qxg3+
34. Kf1 Qf4+ 35. Ke2 Qxc4+ 36. Kd2 b3 37. c3 Qf4+ 38. Kd1 Qa4 39. Qg5+ f6 40.
Qg7+ Kd6 41. Qh6 Qg4+ 42. Kc1 Qa4 43. Rd1+ Kc6 44. Qg6 Qxh4 45. Qd3 Qf4+ 46. Rd2
Nb6 47. Kb1 Qa4 48. Re2 Qa2+ 49. Kc1 Qa1+ 50. Kd2 Qxb2+ 51. Ke1 Qc1+ 52. Kf2
Qf4+ 53. Kg2 e5 54. Qh3 f5 55. Qh8 Qg4+ 56. Kf2 e4 57. Qe8+ Kc7 58. Qe5+ Kc6 59.
Qe6+ Kb7 60. Qe7+ Ka6 61. Qxc5 Qh4+ 62. Kf1 Qh1+ 63. Kf2 Qh4+ 64. Kf1 Qh1+ 1/2-1/2

[Event "88th Hastings Masters"]
[Site "Hastings ENG"]
[Date "2012.12.30"]
[Round "3.2"]
[White "Gretarsson, Hjorvar Steinn"]
[Black "Arkell, Keith C"]
[Result "1/2-1/2"]
[WhiteTitle "IM"]
[BlackTitle "GM"]
[WhiteElo "2516"]
[BlackElo "2470"]
[WhiteFideId "2302241"]
[BlackFideId "400270"]
[EventDate "2012.12.28"]

1. d4 e6 2. c4 Bb4+ 3. Nc3 c5 4. e3 Bxc3+ 5. bxc3 f5 6. Bd3 Nf6 7. Nf3 d6 8. O-O
O-O 9. Bb2 Nc6 10. Qc2 Qe7 11. e4 e5 12. Nd2 f4 13. f3 g5 14. h3 h5 15. Kf2 Kf7
16. Rh1 Rg8 17. Rag1 Bd7 18. Ke1 Rg7 19. Kd1 Rag8 20. Kc1 Ke8 21. Qd1 Kd8 22.
Kb1 Kc8 23. Nb3 Kb8 24. Bc1 Rc8 25. Qe2 Nd8 26. Bd2 Ne6 27. Qf1 Ba4 28. d5 Nf8
29. Nc1 N8d7 30. Ne2 h4 31. Qc1 Nb6 32. Qa3 1/2-1/2

[Event "88th Hastings Masters"]
[Site "Hastings ENG"]
[Date "2012.12.30"]
[Round "3.3"]
[White "Hawkins, Jonathan"]
[Black "Kjartansson, Gudmundur"]
[Result "1/2-1/2"]
[WhiteTitle "IM"]
[BlackTitle "IM"]
[WhiteElo "2507"]
[BlackElo "2404"]
[WhiteFideId "412686"]
[BlackFideId "2301318"]
[EventDate "2012.12.28"]

1. d4 Nf6 2. c4 c5 3. d5 e5 4. Nc3 d6 5. e4 Nbd7 6. g3 a6 7. a4 g6 8. Bg2 Bg7 9.
Nf3 O-O 10. O-O b6 11. Ne1 h5 12. Nd3 Re8 13. f3 Rb8 14. Be3 Nh7 15. b4 Qc7 16.
bxc5 bxc5 17. a5 f5 18. Qa4 Ndf6 19. Rfb1 Bd7 20. Qa3 fxe4 21. fxe4 Ng4 22. Bd2
Bh6 23. Bxh6 Nxh6 24. Rb6 Rxb6 25. axb6 Qxb6 26. Rb1 Qa7 27. Nb5 Bxb5 28. Rxb5
Ng4 29. Ra5 Rb8 30. Qa2 Rb6 31. h3 Ngf6 32. Qd2 Kg7 33. Bf3 Rb3 34. Kg2 Qb6 35.
Ra2 Qb7 36. Nf2 Ne8 37. Bd1 Rb4 38. Be2 Nef6 39. h4 Qb6 40. Qc2 Qb7 41. Qd2 Ng8
42. Qc3 Nhf6 43. Qa3 Rb6 44. g4 hxg4 45. Bxg4 Nxg4 46. Nxg4 Rb3 47. Qc1 Rb1 48.
Qa3 Nh6 49. Nxh6 Kxh6 50. Qe3+ Kh7 51. Rf2 Rb2 52. Qf3 Rxf2+ 53. Kxf2 Kg7 54.
Qa3 Kf8 55. Qa5 Ke7 56. Qd2 Kf8 57. Qh6+ Qg7 58. Qg5 Ke8 59. Ke2 Qf7 60. Qh6 Qg8
61. Qg5 Qf7 62. Qh6 Qg8 63. Qg5 Kf7 64. Qg4 Qe8 65. h5 gxh5 66. Qxh5+ Ke7 67.
Qh4+ Kd7 68. Qh7+ Kd8 69. Qb7 Qa4 70. Qb6+ Ke7 71. Ke3 Qa3+ 72. Kf2 Qh3 73. Qc7+
Qd7 74. Qb6 Qc8 75. Ke1 Qh3 76. Qc7+ Qd7 77. Qb6 Kf6 78. Qxa6 Kg5 79. Kd2 Qd8
80. Qa1 Kh5 81. Qh1+ Qh4 82. Qf3+ Qg4 83. Qf7+ Kh4 84. Qf8 Qg6 85. Qf2+ Qg3 86.
Qf8 Qg5+ 87. Kd3 Qg6 88. Qh8+ Kg3 89. Qf8 Kg2 90. Qf5 Qg3+ 91. Ke2 Kg1 92. Qf1+
Kh2 93. Qf5 Qh4 94. Qg6 Qf4 95. Qxd6 Qxe4+ 96. Kd2 Qd4+ 97. Ke1 Qe3+ 98. Kd1
Qd3+ 99. Ke1 Qe3+ 100. Kd1 Qd4+ 101. Ke1 Qe4+ 102. Kd2 Qf4+ 103. Ke1 Qc1+ 104.
Kf2 Qd2+ 105. Kf1 Qd1+ 106. Kf2 Qd2+ 107. Kf1 Qd1+ 108. Kf2 Qd2+ 1/2-1/2

[Event "88th Hastings Masters"]
[Site "Hastings ENG"]
[Date "2012.12.30"]
[Round "3.21"]
[White "Waddington, Mike P"]
[Black "Stewart, Neil"]
[Result "1/2-1/2"]
[WhiteTitle "FM"]
[BlackTitle "FM"]
[WhiteElo "2117"]
[BlackElo "2264"]
[WhiteFideId "410497"]
[BlackFideId "4636988"]
[EventDate "2012.12.28"]

1. Nc3 d5 2. e4 dxe4 3. Nxe4 Bf5 4. Qf3 e6 5. Ng3 Bxc2 6. Qxb7 Nd7 7. Bb5 Nf6 8.
Nf3 Bd6 9. O-O O-O 10. Qc6 Bg6 11. d4 Rb8 12. a3 Qe7 13. Re1 Rb6 14. Qc4 Rfb8
15. Bc6 Rb3 16. Qa4 R3b6 17. Re3 a6 18. b4 Rd8 19. Nh4 Nb8 20. Bf3 Nd5 21. Nxg6
hxg6 22. Re1 Bxg3 23. hxg3 Qd7 24. Qd1 Nf6 25. Bf4 Nd5 26. Bg5 Re8 27. Rc1 Rc6
28. Rc5 Rd6 29. Qc2 Nc6 30. Qc4 Nce7 31. Rc1 f6 32. Be3 Nf5 33. Bd2 Re7 34. g4
Nb6 35. Qxa6 Nd5 36. Qc4 Nxd4 37. Qxd4 Nb6 38. Qe4 Rxd2 39. Qxg6 Qd4 40. Rf1 Nd7
41. Rxc7 Nf8 42. Rc8 Rc7 43. Qe8 Rxc8 44. Qxc8 Ra2 45. Qa8 Qc3 46. b5 Ra1 47.
Qe4 Rxf1+ 48. Kxf1 Qxa3 49. Qb1 Nd7 50. Bc6 Ne5 51. Kg1 Qc3 52. Be4 Nxg4 53. Qd1
f5 54. Bf3 Qc5 55. Bxg4 fxg4 56. Qxg4 Qxb5 57. Qxe6+ Kh7 58. f4 Qd3 59. Kh2 Qf1
60. Kg3 g6 61. Qe4 Kh6 62. Qe7 Qd3+ 63. Kh4 Qf1 64. Qf8+ Kh7 65. Qe7+ Kh6 66.
Qe5 Kh7 67. g3 Qf3 68. Kh3 Qd1 69. Kh4 Qf3 70. g4 Qh1+ 71. Kg5 Qh6+ 72. Kf6 Qf8+
73. Ke6 Qe8+ 74. Kf6 Qf8+ 75. Ke6 Qe8+ 76. Kd6 Qd8+ 77. Kc6 Qa8+ 78. Kd7 Qf3 79.
g5 Kg8 80. Qe8+ Kg7 81. Qe7+ Kg8 82. Qd6 Kg7 83. Qf6+ Kh7 84. Qf7+ Kh8 85. Qf8+
Kh7 86. Qh6+ Kg8 87. Qxg6+ Kh8 88. Qf6+ Kg8 89. Ke6 Qb3+ 90. Ke5 Qb2+ 91. Kd6
Qb6+ 92. Kd5 Qb5+ 93. Kd4 Qb2+ 94. Ke4 Qb1+ 95. Kf3 Qf1+ 96. Kg3 Qg1+ 97. Kh4
Qh1+ 98. Kg4 Qg1+ 99. Kf5 Qb1+ 100. Ke6 Qb3+ 101. Kd7 Qb7+ 102. Ke8 Qb5+ 103.
Ke7 Qb7+ 104. Kd8 Qb8+ 105. Kd7 Qb7+ 106. Kd6 Qb6+ 107. Kd5 Qb5+ 108. Kd4 Qb2+
109. Kd3 Qxf6 110. gxf6 Kf7 1/2-1/2

[Event "88th Hastings Masters"]
[Site "Hastings ENG"]
[Date "2012.12.31"]
[Round "4.2"]
[White "Arkell, Keith C"]
[Black "Kulaots, Kaido"]
[Result "1/2-1/2"]
[WhiteTitle "GM"]
[BlackTitle "GM"]
[WhiteElo "2470"]
[BlackElo "2581"]
[WhiteFideId "400270"]
[BlackFideId "4500261"]
[EventDate "2012.12.28"]

1. d4 Nf6 2. Nf3 g6 3. c4 Bg7 4. g3 c5 5. Nc3 cxd4 6. Nxd4 Nc6 7. Bg2 Ng4 8. e3
Nge5 9. Qe2 d6 10. O-O Bg4 11. f3 Bd7 12. Rd1 h5 13. h3 O-O 14. f4 Nxd4 15. exd4
Nc6 16. Be3 Qc8 17. Kh2 e5 18. Nb5 exd4 19. Nxd4 Nxd4 20. Bxd4 Re8 21. Qf1 Bc6
22. Bxg7 Kxg7 23. Rxd6 Bxg2 24. Kxg2 Qf5 25. Qd3 Qxd3 26. Rxd3 Re2+ 27. Kf3 Rxb2
28. Rb3 Rc2 29. Rxb7 Rc3+ 30. Kf2 h4 31. gxh4 Rxc4 32. Kg3 Rc3+ 33. Kg4 a5 34.
Rd1 Rb8 35. Rdd7 Rxb7 36. Rxb7 Ra3 37. h5 gxh5+ 38. Kxh5 Rxh3+ 39. Kg5 Rh2 40.
a4 Rg2+ 41. Kf5 Ra2 42. Kg5 Rxa4 43. f5 Rb4 44. f6+ Kg8 45. Ra7 a4 46. Kh6 Rh4+
47. Kg5 1/2-1/2

[Event "88th Hastings Masters"]
[Site "Hastings ENG"]
[Date "2012.12.31"]
[Round "4.3"]
[White "Kjartansson, Gudmundur"]
[Black "Pert, Nicholas"]
[Result "1/2-1/2"]
[WhiteTitle "IM"]
[BlackTitle "GM"]
[WhiteElo "2404"]
[BlackElo "2557"]
[WhiteFideId "2301318"]
[BlackFideId "403989"]
[EventDate "2012.12.28"]

1. Nf3 Nf6 2. c4 c6 3. g3 d5 4. Bg2 dxc4 5. Qc2 Be6 6. Ng5 Bd5 7. e4 h6 8. Nh3
Be6 9. Nf4 Bc8 10. e5 Nd5 11. Qxc4 Nxf4 12. Qxf4 Na6 13. Qc4 Nc7 14. Nc3 Bf5 15.
d4 e6 16. O-O Nd5 17. Qe2 Be7 18. Nxd5 cxd5 19. g4 Bh7 20. f4 Qd7 21. Bd2 Rc8
22. Bc3 O-O 23. f5 exf5 24. gxf5 Bxf5 25. Rxf5 Qxf5 26. Bxd5 Qd7 27. Bb3 Rc6 28.
Qe4 Kh8 29. Ba4 Qe6 30. Bc2 f5 31. Qf3 Qg6+ 32. Kh1 Qg4 33. Rf1 Qxf3+ 34. Rxf3
Rc4 35. Bb3 Rcc8 36. Be6 Rcd8 37. d5 f4 38. Kg2 Kh7 39. Rd3 Bc5 40. Kf3 g5 41.
b4 Bb6 42. d6 h5 43. h3 Kg6 44. d7 Bc7 45. a4 Rf7 46. Ke4 Rdf8 47. Bc4 Re7 48.
e6 f3 49. Rxf3 Rxf3 50. Kxf3 Kf5 51. Bd4 g4+ 52. hxg4+ hxg4+ 53. Kg2 b6 54. a5
Rxe6 55. Bxe6+ Kxe6 56. Bxb6 Kxd7 57. Bxa7 Kc6 58. Bb6 Bxb6 59. axb6 Kxb6 60.
Kg3 Kb5 61. Kxg4 Kxb4 1/2-1/2

[Event "88th Hastings Masters"]
[Site "Hastings ENG"]
[Date "2012.12.31"]
[Round "4.4"]
[White "Sulskis, Sarunas"]
[Black "Hawkins, Jonathan"]
[Result "1-0"]
[WhiteTitle "GM"]
[BlackTitle "IM"]
[WhiteElo "2550"]
[BlackElo "2507"]
[WhiteFideId "12800112"]
[BlackFideId "412686"]
[EventDate "2012.12.28"]

1. c4 e5 2. Nc3 Nf6 3. Nf3 Nc6 4. d4 exd4 5. Nxd4 Bb4 6. Bg5 h6 7. Bh4 Bxc3+ 8.
bxc3 O-O 9. f3 Ne5 10. e4 d6 11. Be2 Ng6 12. Bf2 Nd7 13. Qd2 Nb6 14. a4 Ne5 15.
a5 Nbxc4 16. Qa2 d5 17. exd5 Qxd5 18. f4 Qxg2 19. Rg1 Qxh2 20. fxe5 Nxe5 21. Qd5
Re8 22. Nf3 Qh5 23. O-O-O Bg4 24. Nxe5 Rxe5 25. Bxg4 Rxd5 26. Bxh5 Rxh5 27. Bd4
g6 28. Rh1 Rxa5 29. Rxh6 Rh5 30. Rxh5 gxh5 31. Rg1+ Kh7 32. Rg7+ Kh6 33. Rxf7
Rc8 34. Bxa7 Kg6 35. Rf4 Re8 36. Bf2 Re2 37. Kd1 Ra2 38. Bh4 Rg2 39. Bd8 c6 40.
Rf6+ Kg7 41. Rd6 Rb2 42. Kc1 Rb5 43. Kc2 Kf7 44. Bh4 Ke8 45. Kd3 Kf7 46. Bg3 Ke7
47. Rh6 Kf7 48. Ke4 Kg7 49. Rd6 Rb1 50. Kf5 Rf1+ 51. Bf4 Rf3 52. Ke4 Rh3 53.
Be5+ Kf8 54. Rd7 1-0

[Event "88th Hastings Masters"]
[Site "Hastings ENG"]
[Date "2012.12.31"]
[Round "4.8"]
[White "Sumets, Andrey"]
[Black "Snape, Ian L"]
[Result "1-0"]
[WhiteTitle "GM"]
[WhiteElo "2638"]
[BlackElo "2245"]
[WhiteFideId "14105500"]
[BlackFideId "404489"]
[EventDate "2012.12.28"]

1. d4 c5 2. c3 Nf6 3. Nf3 g6 4. dxc5 Bg7 5. b4 O-O 6. Bb2 b6 7. cxb6 Qxb6 8. e3
Bb7 9. Nbd2 d5 10. Be2 Nbd7 11. O-O Rfd8 12. Qb3 Ne4 13. Rfd1 Ndf6 14. Nxe4 Nxe4
15. c4 Bxb2 16. Qxb2 Rac8 17. Rdc1 Rc7 18. Rc2 dxc4 19. Rxc4 Rdc8 20. Rac1 Bd5
21. Rxc7 Rxc7 22. a3 f5 23. Nd4 f4 24. Rxc7 Qxc7 25. Nb5 Qb6 26. Qe5 Qc6 27. h4
fxe3 28. fxe3 Qc1+ 29. Kh2 Nf6 30. Qxe7 Qb2 31. Nd4 Ng4+ 32. Kg3 Qd2 33. Kxg4
h5+ 34. Kg5 Qe1 35. Kh6 1-0

[Event "88th Hastings Masters"]
[Site "Hastings ENG"]
[Date "2012.12.31"]
[Round "4.9"]
[White "Vovk, Andrey"]
[Black "Sreeves, Clement"]
[Result "1-0"]
[WhiteTitle "GM"]
[WhiteElo "2567"]
[BlackElo "2223"]
[WhiteFideId "14114470"]
[BlackFideId "2402564"]
[EventDate "2012.12.28"]

1. e4 e5 2. Nf3 Nc6 3. Bb5 a6 4. Bxc6 dxc6 5. h3 Bd6 6. O-O Ne7 7. d4 exd4 8.
Qxd4 O-O 9. Nbd2 c5 10. Qd3 Nc6 11. Nc4 Be7 12. Qxd8 Rxd8 13. Bf4 Be6 14. Ne3
Rd7 15. Ng5 Bxg5 16. Bxg5 f6 17. Bf4 Rad8 18. f3 Kf7 19. Rfe1 Nd4 20. Kf1 Nc6
21. h4 a5 22. a3 a4 23. Rad1 Bc4+ 24. Kf2 Rd2+ 25. Kg3 Rxd1 26. Rxd1 Rxd1 27.
Nxd1 Nd4 28. Bxc7 Nxc2 29. Bb6 Ne1 30. Bxc5 Nd3 31. Bd4 g5 32. Ne3 Be6 33. Nf5
Nf4 34. hxg5 fxg5 35. Be3 Nh5+ 36. Kh3 Ng7 37. g4 Nxf5 38. gxf5 Bb3 39. Bxg5 Bd1
40. Kg3 1-0

[Event "88th Hastings Masters"]
[Site "Hastings ENG"]
[Date "2012.12.31"]
[Round "4.14"]
[White "Farid, Firman Syah"]
[Black "Ramstad, Havard"]
[Result "1-0"]
[WhiteTitle "IM"]
[WhiteElo "2338"]
[BlackElo "2071"]
[WhiteFideId "7102526"]
[BlackFideId "1511980"]
[EventDate "2012.12.28"]

1. c4 e5 2. Nc3 Nf6 3. g3 d5 4. cxd5 Nxd5 5. Bg2 Nb6 6. Nf3 Nc6 7. O-O Be7 8. a3
a5 9. d3 O-O 10. Be3 Re8 11. Rc1 Be6 12. Ne4 Bd5 13. Nc3 Be6 14. Na4 Bd5 15.
Nxb6 cxb6 16. Qa4 Bf8 17. Qb5 Nd4 18. Nxd4 Bxg2 19. Ne6 Rxe6 20. Kxg2 a4 21. Qc4
Qd7 22. Kg1 b5 23. Qe4 Ree8 24. Bc5 f6 25. Bxf8 Rxf8 26. Rc5 Kh8 27. Rfc1 Rac8
28. Qb4 Kg8 29. R1c3 Rxc5 30. Rxc5 h5 31. h4 Rd8 32. Qxb5 Qe7 33. Qc4+ Kh7 34.
Qe4+ Kh6 35. Rb5 Rd4 36. Qxb7 Qe6 37. Rb4 Rd6 38. Qe4 f5 39. Qf3 Qf6 40. Rb8 g6
41. Qa8 Kh7 42. Rb7+ Kh6 43. Qg8 1-0

[Event "88th Hastings Masters"]
[Site "Hastings ENG"]
[Date "2012.12.31"]
[Round "4.23"]
[White "Stewart, Neil"]
[Black "Hutchinson, Norman A"]
[Result "1/2-1/2"]
[WhiteTitle "FM"]
[WhiteElo "2264"]
[BlackElo "2108"]
[WhiteFideId "4636988"]
[BlackFideId "411540"]
[EventDate "2012.12.28"]

1. c4 Nf6 2. g3 e6 3. Bg2 d5 4. Nf3 dxc4 5. Na3 c6 6. Nxc4 Nbd7 7. O-O Nd5 8. b3
b5 9. Nce5 Nxe5 10. Nxe5 Qc7 11. Bb2 Bb7 12. Rc1 Be7 13. Qc2 Rc8 14. Nf3 O-O 15.
Qb1 c5 16. Qa1 Bf6 17. Bxf6 Nxf6 18. Rc2 Qb6 19. Rfc1 Rc7 20. a4 Rfc8 21. axb5
Qxb5 22. Qa3 Nd5 23. d3 Nb4 24. Rb2 Qb6 25. Nd2 Bxg2 26. Kxg2 Qb7+ 27. Kg1 Rc6
28. Qa1 Qd7 29. Qa4 Qb7 30. Qa1 Ra6 31. Qb1 Qd5 32. Nc4 Qh5 33. Ne3 Rd8 34. Rc4
Qe5 35. Nc2 Nxc2 36. Rcxc2 Rb6 37. Qc1 Rb5 38. Ra2 a5 39. Qa1 Qc7 40. Qc3 Qb6
41. Ra3 Rb8 42. Rb2 h6 43. Rba2 Qb7 44. Rb2 Qb6 45. h4 Ra8 46. Rba2 Rb4 47. Ra1
Rb5 48. Rc1 Rd8 49. Rca1 Ra8 50. Qc2 Ra7 51. Qa2 Ra8 52. Rc1 1/2-1/2

[Event "88th Hastings Masters"]
[Site "Hastings ENG"]
[Date "2012.12.31"]
[Round "4.34"]
[White "Jones, William E G"]
[Black "Dennis, Nigel W"]
[Result "1-0"]
[WhiteElo "2094"]
[BlackElo "1904"]
[WhiteFideId "470554"]
[BlackFideId "408913"]
[EventDate "2012.12.28"]

1. e4 c5 2. Nf3 e6 3. d4 cxd4 4. Nxd4 Nf6 5. Nc3 d6 6. Be3 a6 7. g4 h6 8. Bg2 e5
9. Nf5 g6 10. Qe2 gxf5 11. exf5 Nc6 12. O-O-O Be7 13. f4 Qa5 14. g5 hxg5 15.
fxg5 Nd7 16. f6 Bf8 17. Bd5 Nc5 18. Qf3 Rh3 19. Bxc6+ Kd8 20. Qd5 Rxe3 21. Qxf7
bxc6 22. Qxf8+ Kc7 23. Qxd6+ Kb7 24. f7 Bg4 25. f8=Q Rxf8 26. Qxf8 Bxd1 27. Rxd1
Qc7 28. Qxc5 1-0

[Event "88th Hastings Masters"]
[Site "Hastings ENG"]
[Date "2012.12.31"]
[Round "4.35"]
[White "Barton, R Alan"]
[Black "Gibbs, Daniel C"]
[Result "1-0"]
[WhiteElo "2080"]
[BlackElo "1795"]
[WhiteFideId "404233"]
[BlackFideId "414689"]
[EventDate "2012.12.28"]

1. Nf3 d6 2. d4 g6 3. c4 Bg7 4. Nc3 e5 5. dxe5 dxe5 6. Qxd8+ Kxd8 7. Bg5+ f6 8.
O-O-O+ Bd7 9. Bd2 Kc8 10. e3 Nh6 11. Be2 Re8 12. Be1 Nf7 13. h4 f5 14. Ng5 Nxg5
15. hxg5 Rh8 16. Nd5 Nc6 17. Bc3 Be6 18. Rh2 Bxd5 19. cxd5 Ne7 20. f4 1-0

[Event "88th Hastings Masters"]
[Site "Hastings ENG"]
[Date "2012.12.31"]
[Round "4.37"]
[White "Gunn, Michael J"]
[Black "Kwiatkowski, Feliks J"]
[Result "0-1"]
[BlackTitle "CM"]
[WhiteElo "1772"]
[BlackElo "2232"]
[WhiteFideId "409030"]
[BlackFideId "401803"]
[EventDate "2012.12.28"]

1. c4 c5 2. Nf3 Nc6 3. d4 cxd4 4. Nxd4 Qb6 5. e3 Nf6 6. Nc3 e6 7. Ndb5 Nb8 8.
Be2 a6 9. Nd4 Be7 10. O-O Nc6 11. Na4 Qc7 12. c5 Rb8 13. Nb3 d6 14. Bd2 Ne4 15.
Ba5 Nxa5 16. cxd6 Bxd6 17. Nxa5 Qxa5 18. Bf3 Nd2 19. Nc3 Qe5 20. g3 Nxf1 21.
Kxf1 O-O 22. Qc2 Bd7 23. Rd1 Rfd8 24. Be4 f5 25. f4 Qc5 26. Bg2 Bc6 27. Re1 b5
28. Qb3 Bxg2+ 29. Kxg2 Qc4 30. Qd1 Bxf4 31. Qf3 Be5 32. e4 Bxc3 33. Rc1 Rd2+ 34.
Kg1 Bd4+ 0-1

[Event "88th Hastings Masters"]
[Site "Hastings ENG"]
[Date "2012.12.31"]
[Round "4.38"]
[White "Macrae, James S"]
[Black "Spanton, Tim R"]
[Result "1-0"]
[WhiteElo "1717"]
[BlackElo "2020"]
[WhiteFideId "2401797"]
[BlackFideId "404802"]
[EventDate "2012.12.28"]

1. d4 d5 2. e3 Nc6 3. c3 e5 4. dxe5 Nxe5 5. Nf3 Bg4 6. Be2 Bxf3 7. Bxf3 Nf6 8.
Be2 Bd6 9. Nd2 Qd7 10. Nf3 O-O 11. O-O Rfe8 12. Qc2 Ne4 13. h3 Re6 14. Nxe5 Bxe5
15. Bg4 Rae8 16. Rd1 c6 17. Qxe4 Qc7 18. Qc2 Rg6 19. b3 Qe7 20. Bb2 Bc7 21. Qf5
Rf6 22. Qc2 Qd6 23. Bf3 Ree6 24. Rd4 Qh2+ 25. Kf1 Rxf3 26. gxf3 Rg6 27. Rg4
Qxh3+ 28. Ke2 Rf6 29. Rag1 Qxf3+ 30. Ke1 g6 31. c4 Ba5+ 32. Kf1 Re6 33. R4g3 Qh5
34. cxd5 Qxd5 35. Rg5 Qd7 1-0

[Event "88th Hastings Masters"]
[Site "Hastings ENG"]
[Date "2012.12.31"]
[Round "4.39"]
[White "Pooley, Mark C"]
[Black "Flynn, David"]
[Result "0-1"]
[WhiteElo "1693"]
[BlackElo "1921"]
[WhiteFideId "423084"]
[BlackFideId "410594"]
[EventDate "2012.12.28"]

1. e4 e5 2. Nf3 Nc6 3. d4 exd4 4. Nxd4 Nf6 5. Nxc6 bxc6 6. Bd3 d5 7. exd5 cxd5
8. Bb5+ Bd7 9. Bxd7+ Qxd7 10. O-O Be7 11. Nc3 O-O 12. Ne2 Rad8 13. c3 Rfe8 14.
Bg5 Qb5 15. Qc2 c5 16. Rad1 h6 17. Bh4 Qc4 18. Bxf6 Bxf6 19. Nc1 d4 20. Qf5 dxc3
21. Rxd8 Rxd8 22. bxc3 Qxc3 23. Ne2 Qd3 24. Qg4 Qc2 25. Ng3 Qxa2 26. Ne4 Bd4 27.
Qf5 Qe6 28. Qf3 a5 29. Nd2 a4 30. Kh1 Re8 31. h3 Qe2 32. Qc6 a3 33. Qa4 a2 34.
Rd1 a1=Q 35. Qxe8+ Qxe8 36. Rxa1 Bxa1 0-1

[Event "88th Hastings Masters"]
[Site "Hastings ENG"]
[Date "2012.12.31"]
[Round "4.40"]
[White "Shierlaw, Hamish"]
[Black "Tarhon, Brian"]
[Result "1/2-1/2"]
[WhiteElo "1582"]
[BlackElo "1844"]
[WhiteFideId "4301765"]
[BlackFideId "423190"]
[EventDate "2012.12.28"]

1. e4 c5 2. Nf3 e6 3. d4 cxd4 4. Nxd4 Nf6 5. Bd3 d6 6. O-O Be7 7. Nc3 O-O 8. Be3
Nc6 9. Qe2 a6 10. Rad1 Qc7 11. h3 b5 12. Nxc6 Qxc6 13. a3 Bb7 14. f3 Qc7 15. Rc1
Nh5 16. Qe1 d5 17. Ne2 dxe4 18. fxe4 Qe5 19. Qc3 Qxc3 20. Nxc3 Bf6 21. Bd2 Ng3
22. Rfe1 Bd4+ 23. Kh2 Be5 24. Kg1 Nh5 25. Nd1 Nf6 26. Bc3 Nd7 27. Bxe5 Nxe5 28.
Nf2 Rac8 29. Kh2 Rc7 30. Re2 Rfc8 31. Rd1 g6 32. Kg3 g5 33. Ng4 Nxg4 34. Kxg4 h6
35. Rdd2 Kg7 36. Rf2 Rf8 37. Rf1 Bxe4 38. Bxe4 f5+ 39. Bxf5 exf5+ 40. Kg3 Kg6
41. Re1 Rf6 42. Ree2 h5 43. Re8 Rfc6 1/2-1/2

[Event "88th Hastings Masters"]
[Site "Hastings ENG"]
[Date "2012.12.31"]
[Round "4.41"]
[White "Clayton, Tristan"]
[Black "Willson, Ollie"]
[Result "1-0"]
[WhiteElo "1830"]
[BlackElo "1650"]
[WhiteFideId "416533"]
[BlackFideId "424714"]
[EventDate "2012.12.28"]

1. e4 c5 2. Nc3 e6 3. f4 Nc6 4. Nf3 d5 5. Bb5 a6 6. Bxc6+ bxc6 7. d3 Be7 8. O-O
Qc7 9. Qe1 d4 10. Ne2 Nf6 11. Bd2 Rb8 12. b3 O-O 13. Ne5 Re8 14. Nc4 Nd7 15. Kh1
f5 16. e5 Qa7 17. Ba5 Bd8 18. Bxd8 Rxd8 19. Qh4 Qc7 20. Qe7 Rf8 21. Nd6 h6 22.
Rf3 Qd8 23. Qxe6+ Kh7 24. Rg3 1-0